000 00925nam a22003257a 4500
001 0031148
003 KOHA_MİRAKIL
005 20260207002751.0
007 ta
008 110812b2006 tu |||gr||||#||||0|tur |
020 _a9758740369
040 _aTR-BiSEU
_btur
_cTR-BiSEU
_erda
041 0 _atur
044 _ctu
050 _aN7432.5
_b.S26 2006
245 0 _aSanat ve klasik/
_cedt. Halit Özkan.
264 1 _aİstanbul :
_bKlasik
_c2006
300 _aXII , 242 s. ;
_c24 cm.
336 _ametin
_btxt
_2rdacontent
337 _aaracısız
_bn
_2rdamedia
338 _acilt
_bnc
_2rdacarrier
490 1 _aKlasik Yayınları ;
_vNo.32.
490 1 _aSanat Araştırmaları ;
_vNo.1
500 _aKaynakça var.
650 0 _aSanat, Türk.
_913761
650 0 _aSanat--Türkiye.
_960408
830 1 _aKlasik Yayınları ;
_vNo.32.
_961399
830 1 _aSanat Araştırmaları ;
_vNo.1
_961400
942 _2lcc
_cBK
999 _c31068
_d31068